| 000 | 00480nam a2200181Ia 4500 | ||
|---|---|---|---|
| 008 | 230917s9999||||xx |||||||||||||| ||und|| | ||
| 020 | _cRS779 | ||
| 040 |
_e244073 _aMAIN |
||
| 041 | _aEnglish | ||
| 082 | _a660.6 T346I(3) | ||
| 100 | _aThieman, William J | ||
| 245 | 0 | _aIntroduction to biotechnology | |
| 250 | _a3rd ed. | ||
| 260 |
_aNoida _bPearson India Education _c2014 |
||
| 300 | _a394 p. | ||
| 500 | _a2981 15/12/2017 HBD17/7127 19/12/2017 Main Budget | ||
| 942 | _cBK | ||
| 999 |
_c25054 _d25054 |
||